[Event "German Masters 2017"]
[Site "Dresden GER"]
[Date "2017.07.31"]
[Round "1.1"]
[White "Buhmann, Rainer"]
[Black "Heimann, Andreas"]
[Result "1/2-1/2"]
[WhiteTitle "GM"]
[BlackTitle "GM"]
[WhiteElo "2580"]
[BlackElo "2591"]
[WhiteFideId "4651340"]
[BlackFideId "24624632"]
[EventDate "2017.07.31"]

1. Nf3 Nf6 2. c4 c5 3. Nc3 d5 4. cxd5 Nxd5 5. e4 Nb4 6. d4 cxd4 7. Bc4 N8c6 8.
a3 dxc3 9. Qxd8+ Nxd8 10. axb4 cxb2 11. Bxb2 e6 12. b5 Bb4+ 13. Ke2 O-O 14. Rhc1
b6 15. Ra4 a5 16. bxa6 Ba5 17. Nd4 f6 18. Bb5 e5 19. Bc4+ Nf7 20. Ne6 Bxe6 21.
Bxe6 Rxa6 22. Rac4 b5 23. Rc6 Rxc6 24. Rxc6 Re8 25. Ra6 Bb4 26. Rb6 Bc5 27.
Bxf7+ Kxf7 28. Rxb5 Rc8 29. Rb3 Rc7 30. Rc3 Bb6 31. Rxc7+ Bxc7 32. f3 Bb6 33. h3
Ba7 34. Bc3 Bb6 35. Bb2 Ba7 36. Bc3 Bb6 1/2-1/2

[Event "German Masters 2017"]
[Site "Dresden GER"]
[Date "2017.07.31"]
[Round "1.2"]
[White "Nisipeanu, Liviu-Dieter"]
[Black "Bluebaum, Matthias"]
[Result "1/2-1/2"]
[WhiteTitle "GM"]
[BlackTitle "GM"]
[WhiteElo "2683"]
[BlackElo "2642"]
[WhiteFideId "1202758"]
[BlackFideId "24651516"]
[EventDate "2017.07.31"]

1. d4 Nf6 2. Bf4 d5 3. e3 c5 4. c3 Nc6 5. Nd2 Bf5 6. Qb3 Qd7 7. Ngf3 c4 8. Qd1
e6 9. Nh4 b5 10. Nxf5 exf5 11. g3 Bd6 12. Bxd6 Qxd6 13. Bg2 O-O 14. O-O Rfe8 15.
Qc2 g6 16. b3 Ne4 17. bxc4 bxc4 18. f3 Nxd2 19. Qxd2 Rab8 20. Rae1 Qa3 21. Rf2
Re7 22. e4 fxe4 23. fxe4 dxe4 24. Bxe4 Qd6 25. Rfe2 Rbe8 26. Bf3 Kg7 27. Kf2 Rb8
28. Qg5 h6 29. Qf4 Qxf4 30. gxf4 Rc7 31. h4 Kf6 32. h5 Ne7 33. Re5 Rb6 34. R1e2
Nf5 35. hxg6 fxg6 36. Bg4 Nd6 37. Re6+ Kf7 38. a4 h5 39. Bh3 Nc8 40. a5 Rb3 41.
R2e3 Ne7 42. R6e5 Rb2+ 43. Kf3 Rd2 44. Rb5 Kf6 45. Re6+ Kf7 46. Re3 Kf6 47. Re6+
Kf7 48. Re2 Rxe2 49. Kxe2 Kf6 50. d5 Nc8 51. Ke3 Nd6 52. Rb8 Rc5 53. Kd4 Rxa5
54. Rd8 Ra6 55. Rd7 Nb5+ 56. Kxc4 Nxc3 57. Be6 Nxd5 58. Bxd5 Ra4+ 59. Kd3 Rxf4
60. Rxa7 Kg5 61. Ke3 Rf6 62. Be4 Kh6 63. Rc7 Kg5 64. Rc6 Rxc6 65. Bxc6 1/2-1/2

[Event "German Masters 2017"]
[Site "Dresden GER"]
[Date "2017.07.31"]
[Round "1.3"]
[White "Svane, Rasmus"]
[Black "Huschenbeth, Niclas"]
[Result "0-1"]
[WhiteTitle "GM"]
[BlackTitle "GM"]
[WhiteElo "2583"]
[BlackElo "2585"]
[WhiteFideId "4657101"]
[BlackFideId "24604747"]
[EventDate "2017.07.31"]

1. d4 d5 2. Nf3 Nf6 3. c4 dxc4 4. e3 Bg4 5. Bxc4 e6 6. Nc3 Be7 7. O-O O-O 8. h3
Bh5 9. b3 Nbd7 10. Bb2 c5 11. Be2 cxd4 12. Nxd4 Bg6 13. Na4 Ne4 14. Rc1 Ndf6 15.
Bf3 a6 16. Nc3 Nxc3 17. Bxc3 Ba3 18. Bxb7 Ra7 19. Bf3 Bxc1 20. Qxc1 Be4 21. Bxe4
Nxe4 22. Bb4 Rc7 23. Qa3 Re8 24. Qxa6 e5 25. Nf3 Qd5 26. Qe2 Rec8 27. Rd1 Rc1
28. Rxc1 Rxc1+ 29. Be1 f6 30. Kh2 h6 31. Qb2 Qc6 32. Qa3 Rc2 33. Kg1 Kh7 34. h4
Nc5 35. Qa5 Nd3 36. Bd2 h5 37. Qd8 Qe4 38. Qe8 Qg6 39. Qxg6+ Kxg6 40. e4 Rxa2
41. Be3 Rb2 42. Nd2 Nc1 43. f3 Nxb3 44. Nxb3 Rxb3 45. Bc5 Kf7 46. Kf2 Rb2+ 47.
Kg3 g6 48. Be3 Re2 49. Bh6 f5 50. exf5 gxf5 51. Kh3 Rc2 52. Kg3 Ke6 53. Bg5 f4+
54. Kh3 Rc3 55. Kh2 Kf5 56. Be7 e4 57. fxe4+ Kxe4 58. Bb4 Rc1 59. Ba5 Kf5 60.
Bb6 Rf1 61. Bc7 Kg4 62. Bd6 Rd1 63. Bb4 Kxh4 64. Ba5 Kg4 65. Bb4 Rb1 66. Bc3 Rc1
67. Ba5 h4 68. Bb4 Rc2 69. Kg1 h3 70. gxh3+ Kxh3 71. Kf1 Kg3 72. Bd6 Kf3 73. Kg1
Rg2+ 74. Kh1 Rg6 0-1

[Event "German Masters 2017"]
[Site "Dresden GER"]
[Date "2017.07.31"]
[Round "1.4"]
[White "Meier, Georg"]
[Black "Bindrich, Falko"]
[Result "1/2-1/2"]
[WhiteTitle "GM"]
[BlackTitle "GM"]
[WhiteElo "2644"]
[BlackElo "2585"]
[WhiteFideId "4675789"]
[BlackFideId "4676670"]
[EventDate "2017.07.31"]

1. c4 e6 2. g3 d5 3. Bg2 Nf6 4. d4 Bb4+ 5. Nd2 O-O 6. Nf3 b6 7. O-O Bb7 8. a3
Bd6 9. b4 c5 10. Rb1 Qe7 11. bxc5 bxc5 12. dxc5 Bxc5 13. Ne5 Na6 14. cxd5 Nxd5
15. Bb2 Rac8 16. Nd3 Bb6 17. Qa4 Nc5 18. Nxc5 Rxc5 19. Nc4 Rfc8 20. Rfc1 Qg5 21.
e3 h5 22. Nd6 Bc6 23. Rxc5 Bxc5 24. Qa6 Rc7 25. Ne4 Qf5 26. Rc1 Bb6 27. Qe2 Ne7
28. Nd6 Qg4 29. Qxg4 hxg4 30. h3 Bxg2 31. Kxg2 Rxc1 32. Bxc1 gxh3+ 33. Kxh3 Kf8
34. Kg2 Nf5 35. Nc4 Bc7 36. a4 Ke7 37. e4 Nd6 38. Ba3 Kd7 39. Ne5+ Ke8 40. Kf3
Nc8 41. Nc4 1/2-1/2

[Event "German Masters 2017"]
[Site "Dresden GER"]
[Date "2017.08.01"]
[Round "2.1"]
[White "Heimann, Andreas"]
[Black "Bindrich, Falko"]
[Result "0-1"]
[WhiteTitle "GM"]
[BlackTitle "GM"]
[WhiteElo "2591"]
[BlackElo "2585"]
[WhiteFideId "24624632"]
[BlackFideId "4676670"]
[EventDate "2017.07.31"]

1. e4 e5 2. Nf3 Nc6 3. Bb5 Nf6 4. O-O Nxe4 5. Re1 Nd6 6. Nxe5 Be7 7. Bf1 Nxe5 8.
Rxe5 O-O 9. d4 Bf6 10. Re1 Re8 11. Bf4 Rxe1 12. Qxe1 Ne8 13. Nc3 d6 14. Nd5 Be6
15. Nxf6+ Nxf6 16. c4 Qd7 17. Bg5 Re8 18. Bxf6 gxf6 19. Qa5 d5 20. Qxa7 dxc4 21.
Qxb7 Qxd4 22. Re1 Kg7 23. Re4 Qc5 24. Qa6 Rb8 25. Rxe6 fxe6 26. Qxe6 Rxb2 27.
Qd7+ Kf8 28. Qd8+ Kf7 29. Qd7+ Qe7 30. Qd4 Rb1 31. Qxc4+ Kf8 32. h4 Rb4 33. Qa6
Rxh4 34. a4 Kg7 35. g3 Rd4 36. a5 Rd5 37. Qa8 Qd8 38. Qa7 Rd1 39. Qe3 Qd6 40.
Qe2 Rd4 41. a6 Ra4 42. Qc2 Ra1 43. Qc4 h5 44. Qb5 Qd1 45. Kg2 c6 46. Qe2 Qxe2
47. Bxe2 Ra3 48. Kh3 c5 49. f4 Kg6 50. Bb5 Ra1 51. Bd3+ Kf7 52. Bc4+ Ke7 53. g4
Rh1+ 54. Kg3 h4+ 55. Kf3 h3 56. Kg3 h2 57. Bg8 c4 0-1

[Event "German Masters 2017"]
[Site "Dresden GER"]
[Date "2017.08.01"]
[Round "2.2"]
[White "Huschenbeth, Niclas"]
[Black "Meier, Georg"]
[Result "0-1"]
[WhiteTitle "GM"]
[BlackTitle "GM"]
[WhiteElo "2585"]
[BlackElo "2644"]
[WhiteFideId "24604747"]
[BlackFideId "4675789"]
[EventDate "2017.07.31"]

1. e4 e6 2. d3 d5 3. Qe2 Nc6 4. Nf3 Nf6 5. Bf4 dxe4 6. dxe4 Nd4 7. Qc4 Nxf3+ 8.
gxf3 c6 9. Qc3 Nh5 10. Be3 Qf6 11. e5 Qh4 12. Nd2 Bb4 13. Qd3 f6 14. O-O-O Nf4
15. Qe4 fxe5 16. Rg1 O-O 17. Rg4 Bxd2+ 18. Bxd2 Qxh2 19. Bb4 Re8 20. Bd6 Ng6 21.
Bd3 Rd8 22. f4 Rxd6 23. Rh1 Qxf2 24. Rxh7 Rd4 25. Rxg7+ Kf8 26. Rg8+ Ke7 27. Qh1
Nxf4 28. R4g7+ Kd6 29. Rd8+ Kc5 30. Rxd4 Qxd4 31. Qh8 Kb6 32. Qf8 a5 33. Qe7
Nxd3+ 34. cxd3 Qc5+ 0-1

[Event "German Masters 2017"]
[Site "Dresden GER"]
[Date "2017.08.01"]
[Round "2.3"]
[White "Bluebaum, Matthias"]
[Black "Svane, Rasmus"]
[Result "1/2-1/2"]
[WhiteTitle "GM"]
[BlackTitle "GM"]
[WhiteElo "2642"]
[BlackElo "2583"]
[WhiteFideId "24651516"]
[BlackFideId "4657101"]
[EventDate "2017.07.31"]

1. d4 d5 2. c4 c6 3. Nf3 Nf6 4. Nc3 dxc4 5. a4 e6 6. e3 c5 7. Bxc4 cxd4 8. exd4
Nc6 9. O-O Be7 10. Qe2 O-O 11. Rd1 Nb4 12. Bg5 h6 13. Bxf6 Bxf6 14. Ne4 b6 15.
Ne5 Bh4 16. Ra3 Bb7 17. Rh3 Nd5 18. g3 Be7 19. Ng4 Nf6 20. Nexf6+ Bxf6 21. d5
Bxd5 22. Bxd5 exd5 23. Rxh6 gxh6 24. Nxh6+ Kg7 25. Nf5+ Kg8 26. Qg4+ Kh7 27.
Qh5+ Kg8 28. Nh6+ Kg7 29. Nf5+ Kg8 30. Rxd5 Qxd5 31. Qg4+ Kh7 32. Qh5+ Kg8 33.
Qg4+ Kh7 34. Qh5+ 1/2-1/2

[Event "German Masters 2017"]
[Site "Dresden GER"]
[Date "2017.08.01"]
[Round "2.4"]
[White "Buhmann, Rainer"]
[Black "Nisipeanu, Liviu-Dieter"]
[Result "1/2-1/2"]
[WhiteTitle "GM"]
[BlackTitle "GM"]
[WhiteElo "2580"]
[BlackElo "2683"]
[WhiteFideId "4651340"]
[BlackFideId "1202758"]
[EventDate "2017.07.31"]

1. d4 d5 2. c4 dxc4 3. Nf3 Nf6 4. e3 e6 5. Bxc4 c5 6. O-O a6 7. dxc5 Bxc5 8.
Qxd8+ Kxd8 9. Be2 Ke7 10. Nbd2 Bd7 11. Nb3 Bb6 12. Bd2 Nc6 13. Rfc1 Rhc8 14. Be1
Be8 15. Nfd2 Ne5 16. Nf3 Nc6 17. Nfd2 Ne5 18. Nf3 1/2-1/2

[Event "German Masters 2017"]
[Site "Dresden GER"]
[Date "2017.08.02"]
[Round "3.1"]
[White "Nisipeanu, Liviu-Dieter"]
[Black "Heimann, Andreas"]
[Result "1/2-1/2"]
[WhiteTitle "GM"]
[BlackTitle "GM"]
[WhiteElo "2683"]
[BlackElo "2591"]
[WhiteFideId "1202758"]
[BlackFideId "24624632"]
[EventDate "2017.07.31"]

1. Nf3 Nf6 2. c4 c5 3. Nc3 Nc6 4. e3 e6 5. d4 d5 6. cxd5 exd5 7. Bb5 cxd4 8.
Nxd4 Qc7 9. Bd2 a6 10. Ba4 Bd6 11. Rc1 O-O 12. Nce2 Bd7 13. h3 Rac8 14. O-O Rfe8
15. Bc3 Qd8 16. Nf3 Qe7 17. Bb3 Rcd8 18. Nf4 d4 19. Bxd4 Bxf4 20. Bc5 Qe4 21.
exf4 Be6 22. Qc2 Qxf4 23. Bxe6 Rxe6 24. Rfd1 Rde8 25. Qb3 Na5 26. Qc3 Nc6 27.
Qb3 Na5 28. Qb4 Qxb4 29. Bxb4 Nc6 30. Bc3 Ne4 31. Be1 h6 32. Kf1 Nf6 33. Bc3 Ne4
34. Be1 Nf6 35. Rc3 Re2 36. Rb3 R2e7 37. Nh4 g6 38. Nf3 Ne4 39. Rbd3 f6 40. Rd5
Kf7 41. a4 Rc7 42. b4 Ne7 43. Rd7 Rec8 44. R1d4 f5 45. b5 Rxd7 46. Rxd7 Nc5 47.
Rd6 Nxa4 48. Ne5+ Ke8 49. Nxg6 Nxg6 50. Rxg6 axb5 51. Rxh6 Rc4 52. Rh7 b6 53.
Ra7 Nc5 54. Ra1 b4 55. Rb1 b3 56. Ke2 Rc2+ 57. Kd1 Ra2 58. Bd2 Ne4 59. Be1 Nxf2+
60. Bxf2 Rxf2 1/2-1/2

[Event "German Masters 2017"]
[Site "Dresden GER"]
[Date "2017.08.02"]
[Round "3.2"]
[White "Svane, Rasmus"]
[Black "Buhmann, Rainer"]
[Result "0-1"]
[WhiteTitle "GM"]
[BlackTitle "GM"]
[WhiteElo "2583"]
[BlackElo "2580"]
[WhiteFideId "4657101"]
[BlackFideId "4651340"]
[EventDate "2017.07.31"]

1. c4 Nf6 2. Nc3 e6 3. e4 c5 4. e5 Ng8 5. Nf3 Nc6 6. d4 cxd4 7. Nxd4 Nxe5 8.
Ndb5 a6 9. Nd6+ Bxd6 10. Qxd6 f6 11. Be3 Ne7 12. Bb6 Nf5 13. Qb4 Nc6 14. Qc5 Qe7
15. Qxe7+ Nfxe7 16. c5 Nb4 17. Rc1 Ned5 18. Nxd5 Nxd5 19. Bc4 Nxb6 20. cxb6 Ke7
21. Kd2 d5 22. Bd3 Bd7 23. Rc7 Kd6 24. Rhc1 Rab8 25. b4 g6 26. f4 Rhg8 27. g3 h6
28. Rf1 Rgc8 29. Rfc1 g5 30. Ke3 gxf4+ 31. gxf4 Rg8 32. Rf1 Rg2 33. Rf2 Rxf2 34.
Kxf2 e5 35. Bg6 d4 36. h4 Be6 37. a4 Bd5 38. Bf5 exf4 39. Rd7+ Ke5 40. Bh3 d3
41. Bg4 Be4 42. Bh3 Rg8 43. Bf1 Rg3 44. a5 Bd5 45. Re7+ Kd4 46. Rd7 Rf3+ 47. Kg1
d2 48. Be2 Rh3 49. b5 Rh1+ 50. Kf2 Rh2+ 51. Kf1 Rh1+ 52. Kf2 d1=N+ 53. Bxd1 Rxd1 0-1

[Event "German Masters 2017"]
[Site "Dresden GER"]
[Date "2017.08.02"]
[Round "3.3"]
[White "Meier, Georg"]
[Black "Bluebaum, Matthias"]
[Result "1/2-1/2"]
[WhiteTitle "GM"]
[BlackTitle "GM"]
[WhiteElo "2644"]
[BlackElo "2642"]
[WhiteFideId "4675789"]
[BlackFideId "24651516"]
[EventDate "2017.07.31"]

1. e4 e6 2. d4 d5 3. exd5 exd5 4. Nf3 Nc6 5. Bb5 Bd6 6. c4 dxc4 7. d5 a6 8. Ba4
b5 9. dxc6 bxa4 10. O-O Ne7 11. Nbd2 c3 12. Ne4 O-O 13. Qxa4 Qe8 14. Nxd6 cxd6
15. Nd4 Bb7 16. Re1 Bxc6 17. Qa3 Qd7 18. Qxc3 Bb7 19. Qg3 Rac8 20. b3 Rfe8 21.
Bb2 Ng6 22. h3 f6 23. Qg4 Qxg4 24. hxg4 Ne5 25. f3 g6 26. Ba3 Red8 27. Rac1 Rxc1
28. Rxc1 Rd7 29. Rc3 a5 30. Nb5 Nf7 31. Kf2 Kg7 32. Kg3 g5 33. Bc1 Kg6 34. Bd2
Ne5 35. Nd4 Bd5 36. a4 h5 37. gxh5+ Kxh5 38. Re3 Kg6 39. Bxa5 f5 40. Rc3 f4+ 41.
Kf2 g4 42. Bc7 Kg5 43. a5 g3+ 44. Kg1 Nc6 45. Nb5 Re7 46. Kf1 Rh7 47. Bxd6 Rh1+
48. Ke2 Rg1 49. Rc5 Rxg2+ 50. Kf1 Rf2+ 51. Kg1 Rxf3 52. Nc3 Rxc3 53. Rxc3 Nd4
54. Rxg3+ 1/2-1/2

[Event "German Masters 2017"]
[Site "Dresden GER"]
[Date "2017.08.02"]
[Round "3.4"]
[White "Bindrich, Falko"]
[Black "Huschenbeth, Niclas"]
[Result "1/2-1/2"]
[WhiteTitle "GM"]
[BlackTitle "GM"]
[WhiteElo "2585"]
[BlackElo "2585"]
[WhiteFideId "4676670"]
[BlackFideId "24604747"]
[EventDate "2017.07.31"]

1. d4 d5 2. c4 dxc4 3. e3 e5 4. Bxc4 exd4 5. exd4 Bd6 6. Nf3 Nf6 7. Qe2+ Qe7 8.
Qxe7+ Bxe7 9. Nc3 O-O 10. O-O Bd6 11. Re1 h6 12. Nb5 a6 13. Nxd6 cxd6 14. Bf4 d5
15. Bb3 Nc6 16. Rac1 Be6 17. Ba4 Na5 18. Rc7 b5 19. Bc2 Rfc8 20. Bd3 g5 21. Be5
Ne8 22. Rc5 Nb7 23. Rxc8 Rxc8 24. h4 g4 25. Nh2 Nbd6 26. Bf4 Kg7 27. Kf1 b4 28.
Ke2 Nb5 29. Ke3 h5 30. Nf1 Ned6 31. Be5+ Kh6 32. Bf4+ Kg7 33. Bxd6 Nxd6 34. Kf4
Ne4 35. f3 gxf3 36. gxf3 Nf2 37. Bb1 Nh3+ 38. Ke3 Re8 39. Kd2 Kf6 40. Ng3 Nf4
41. Bd3 a5 42. Bc2 Bd7 43. Rxe8 Bxe8 44. Bd3 Bd7 45. Ke3 Ng2+ 46. Kf2 Nxh4 47.
Nxh5+ Kg5 48. Ng3 f5 49. Ne2 f4 50. a3 Bf5 51. Ba6 Be6 52. axb4 axb4 53. Bd3 Bf5
54. Nc1 Kf6 55. Bb5 Be6 56. Bd3 Bf5 57. Ba6 Be6 58. Na2 Nf5 59. Nxb4 Nxd4 60.
Bb7 Ke5 61. Nd3+ Kf5 62. b4 Bf7 63. Bc8+ Be6 64. Bxe6+ Nxe6 65. b5 Nd4 66. b6
Nc6 67. Ke2 Ke6 68. Nxf4+ Kd6 69. Ke3 Ne5 70. b7 Kc7 71. Nxd5+ Kxb7 72. f4 Nf7
73. Ke4 Kc6 74. Ne3 Kd6 75. Kf5 Ke7 76. Kg6 Nd6 77. Nc2 Ke6 78. Ne3 Ke7 79. Nf1
Ke6 80. Ng3 Ke7 81. Nh5 Ke6 82. Ng7+ Ke7 83. Nf5+ Nxf5 84. Kxf5 1/2-1/2

[Event "German Masters 2017"]
[Site "Dresden GER"]
[Date "2017.08.03"]
[Round "4.1"]
[White "Heimann, Andreas"]
[Black "Huschenbeth, Niclas"]
[Result "1/2-1/2"]
[WhiteTitle "GM"]
[BlackTitle "GM"]
[WhiteElo "2591"]
[BlackElo "2585"]
[WhiteFideId "24624632"]
[BlackFideId "24604747"]
[EventDate "2017.07.31"]

1. Nf3 d5 2. e3 c5 3. d4 Nf6 4. dxc5 e6 5. c4 Bxc5 6. a3 O-O 7. b4 Be7 8. Bb2 a5
9. b5 Nbd7 10. Nbd2 b6 11. Be2 Bb7 12. O-O Rc8 13. Rc1 Nc5 14. cxd5 Nxd5 15. Nc4
a4 16. Nd4 Bf6 17. Rc2 Qc7 18. Bf3 Rfd8 19. Qb1 e5 20. Nc6 Bxc6 21. bxc6 e4 22.
Bg4 Rb8 23. Bd4 Bxd4 24. exd4 Nb3 25. Rd1 Qxc6 26. Ne5 Qd6 27. Nc6 Qxa3 28. Nxb8
Rxb8 29. Bd7 e3 30. Qb2 Qxb2 31. Rxb2 b5 32. Re1 Kf8 33. fxe3 Ke7 34. Bf5 Nc3
35. Bc2 Na5 36. Ra1 Nc4 37. Rb4 Nd5 38. Raxa4 Nxb4 39. Rxb4 Nxe3 40. Bd3 Rd8 41.
Rxb5 Ng4 42. Be2 Nh6 43. d5 Nf5 44. Ra5 Rb8 45. Bd3 Nd6 46. Be2 Rb2 47. Bf3 Kf6
48. Ra7 g5 49. h3 Rd2 50. Rd7 Nc4 51. Ra7 Ne5 52. Ra3 Kf5 53. Kf1 Kf4 54. Ke1
Rb2 55. d6 Rb4 56. Bd5 f6 57. g3+ Kf5 58. Ke2 Rb6 59. Ra4 h6 60. g4+ Kg6 61. Ra7
Rxd6 1/2-1/2

[Event "German Masters 2017"]
[Site "Dresden GER"]
[Date "2017.08.03"]
[Round "4.2"]
[White "Bluebaum, Matthias"]
[Black "Bindrich, Falko"]
[Result "0-1"]
[WhiteTitle "GM"]
[BlackTitle "GM"]
[WhiteElo "2642"]
[BlackElo "2585"]
[WhiteFideId "24651516"]
[BlackFideId "4676670"]
[EventDate "2017.07.31"]

1. c4 e6 2. Nc3 d5 3. d4 Nf6 4. cxd5 Nxd5 5. e4 Nxc3 6. bxc3 c5 7. Rb1 cxd4 8.
cxd4 Nc6 9. Nf3 Bb4+ 10. Bd2 Bxd2+ 11. Qxd2 O-O 12. Bb5 Ne7 13. O-O b6 14. Ne5
Bb7 15. f3 Rc8 16. Nd7 Re8 17. Nxb6 axb6 18. Bxe8 Qxe8 19. Rxb6 Ba8 20. Rc1 Rd8
21. Rc4 h6 22. a4 f5 23. Rxe6 Qd7 24. Qa5 fxe4 25. Qc7 Qxe6 26. Qxd8+ Kh7 27.
Qxa8 exf3 28. Qxf3 Qxc4 29. Qe4+ Ng6 30. h4 Qxa4 31. Kh2 Qa5 32. Kh3 Qd5 33.
Qxd5 Nf4+ 34. Kg4 Nxd5 35. Kf5 Ne3+ 36. Ke4 Nxg2 37. h5 Kg8 38. d5 Kf7 39. Ke5
Ne3 0-1

[Event "German Masters 2017"]
[Site "Dresden GER"]
[Date "2017.08.03"]
[Round "4.3"]
[White "Buhmann, Rainer"]
[Black "Meier, Georg"]
[Result "1-0"]
[WhiteTitle "GM"]
[BlackTitle "GM"]
[WhiteElo "2580"]
[BlackElo "2644"]
[WhiteFideId "4651340"]
[BlackFideId "4675789"]
[EventDate "2017.07.31"]

1. e4 c5 2. Nf3 d6 3. d4 cxd4 4. Nxd4 Nf6 5. Nc3 e6 6. g4 h6 7. h4 d5 8. exd5
Nxd5 9. Nxd5 Qxd5 10. Rg1 a6 11. Be3 Nd7 12. Qe2 Qa5+ 13. c3 Nc5 14. b4 Qa3 15.
Qc2 Na4 16. Bb5+ Bd7 17. Bxd7+ Kxd7 18. Ne2 Nxc3 19. Nxc3 Bxb4 20. Bd2 Rac8 21.
Qa4+ b5 22. Qxa3 Bxa3 23. Rg3 b4 24. Rd3+ Ke7 25. Nd1 h5 26. g5 Rc4 27. f4 e5
28. Ne3 Re4 29. fxe5 Ke6 30. Ke2 Kxe5 31. Rf1 Ke6 32. Kd1 Bb2 33. Nd5 Be5 34.
Nxb4 Rxh4 35. Nc6 f6 36. Nd8+ Ke7 37. Bb4+ Rxb4 38. Nc6+ Ke6 39. Nxb4 h4 40. Nc6 1-0

[Event "German Masters 2017"]
[Site "Dresden GER"]
[Date "2017.08.03"]
[Round "4.4"]
[White "Nisipeanu, Liviu-Dieter"]
[Black "Svane, Rasmus"]
[Result "1/2-1/2"]
[WhiteTitle "GM"]
[BlackTitle "GM"]
[WhiteElo "2683"]
[BlackElo "2583"]
[WhiteFideId "1202758"]
[BlackFideId "4657101"]
[EventDate "2017.07.31"]

1. e4 e6 2. d4 d5 3. Nd2 c5 4. exd5 Qxd5 5. Ngf3 cxd4 6. Bc4 Qd7 7. O-O Nc6 8.
Nb3 Nf6 9. Qe2 a6 10. a4 Bd6 11. Rd1 e5 12. Nbxd4 O-O 13. Nxc6 Qxc6 14. Bg5 Bc7
15. Bxf6 Qxf6 16. Bd5 Bf5 17. Bxb7 Rab8 18. Bxa6 Rxb2 19. Bd3 e4 20. Bxe4 Re8
21. Qc4 Bxe4 22. Qxc7 Bxf3 23. gxf3 Qxf3 24. Rd8 Qg4+ 25. Kf1 Qe2+ 26. Kg1 Qg4+
27. Kf1 Qe2+ 28. Kg1 Qg4+ 29. Kf1 1/2-1/2

[Event "German Masters 2017"]
[Site "Dresden GER"]
[Date "2017.08.04"]
[Round "5.1"]
[White "Svane, Rasmus"]
[Black "Heimann, Andreas"]
[Result "1-0"]
[WhiteTitle "GM"]
[BlackTitle "GM"]
[WhiteElo "2583"]
[BlackElo "2591"]
[WhiteFideId "4657101"]
[BlackFideId "24624632"]
[EventDate "2017.07.31"]

1. Nf3 Nf6 2. c4 c5 3. Nc3 Nc6 4. e3 e6 5. d4 d5 6. a3 a6 7. dxc5 Bxc5 8. b4 Ba7
9. Bb2 O-O 10. h3 dxc4 11. Bxc4 Qxd1+ 12. Rxd1 b5 13. Bd3 Bb7 14. Ke2 Rfd8 15.
g4 Ne7 16. Rhg1 Ng6 17. g5 Nd5 18. Nxd5 Bxd5 19. h4 Rac8 20. h5 Ne7 21. h6 g6
22. Ne5 Kf8 23. Rc1 Bb7 24. Rxc8 Bxc8 25. Rc1 Bb8 26. Ng4 Nd5 27. Bg7+ Kg8 28.
Nf6+ Nxf6 29. Bxf6 Rf8 30. Be4 e5 31. Bd5 Bg4+ 32. f3 Rc8 33. Rc5 Bd6 34. fxg4
Bxc5 35. bxc5 Rxc5 36. e4 Rc3 37. Bxe5 Rxa3 38. Bd6 Ra4 39. e5 Rf4 40. Ke3 Rf1
41. Ke2 Rf4 42. e6 fxe6 43. Bxe6+ Rf7 44. Ke3 a5 45. Ke4 a4 46. Ba2 a3 47. Bc5
b4 48. Bxb4 Kh8 49. Bxf7 a2 50. Bc3# 1-0

[Event "German Masters 2017"]
[Site "Dresden GER"]
[Date "2017.08.04"]
[Round "5.2"]
[White "Meier, Georg"]
[Black "Nisipeanu, Liviu-Dieter"]
[Result "1-0"]
[WhiteTitle "GM"]
[BlackTitle "GM"]
[WhiteElo "2644"]
[BlackElo "2683"]
[WhiteFideId "4675789"]
[BlackFideId "1202758"]
[EventDate "2017.07.31"]

1. Nf3 g6 2. e4 Bg7 3. d4 d6 4. Bd3 Nf6 5. O-O O-O 6. Re1 Nc6 7. d5 Nb4 8. Bf1
Bg4 9. Na3 e6 10. c3 Na6 11. Bxa6 bxa6 12. h3 Bxf3 13. Qxf3 Qb8 14. Rb1 exd5 15.
exd5 Qb7 16. c4 Rae8 17. Bd2 Rxe1+ 18. Bxe1 Re8 19. Nc2 Qb6 20. Kf1 a5 21. Qb3
Qa6 22. Qd3 Ne4 23. b3 a4 24. Nb4 Qb6 25. bxa4 Bc3 26. Nc6 Nc5 27. Qc2 Rxe1+ 28.
Rxe1 Bxe1 29. Kxe1 Nd7 30. a5 Qc5 31. Ke2 Ne5 32. Nxe5 dxe5 33. Qc3 f6 34. g4
Kf7 35. a3 a6 36. Kf1 h5 37. Kg2 hxg4 38. hxg4 c6 39. Qb4 Qd4 40. Qb7+ Kf8 41.
Qc8+ Kg7 42. Qd7+ Kh6 43. dxc6 Qe4+ 44. Kh2 Qe2 45. Kg3 e4 46. Qd4 Qf3+ 47. Kh2
Qf4+ 48. Kh3 Qf3+ 49. Kh2 Qf4+ 50. Kg1 Qxg4+ 51. Kf1 Qf5 52. c7 g5 53. c5 Kg6
54. Ke1 Qg4 55. c6 Qf5 56. Qd7 Qxa5+ 57. Kf1 Qb5+ 58. Kg2 1-0

[Event "German Masters 2017"]
[Site "Dresden GER"]
[Date "2017.08.04"]
[Round "5.3"]
[White "Bindrich, Falko"]
[Black "Buhmann, Rainer"]
[Result "1/2-1/2"]
[WhiteTitle "GM"]
[BlackTitle "GM"]
[WhiteElo "2585"]
[BlackElo "2580"]
[WhiteFideId "4676670"]
[BlackFideId "4651340"]
[EventDate "2017.07.31"]

1. d4 Nf6 2. c4 e6 3. Nc3 Bb4 4. Qc2 d5 5. a3 Bxc3+ 6. Qxc3 dxc4 7. Qxc4 b6 8.
Nf3 Ba6 9. Qa4+ Qd7 10. Qc2 h6 11. e3 Bxf1 12. Rxf1 O-O 13. Ke2 Qb5+ 14. Qd3 Qh5
15. b4 Nbd7 16. Bb2 c5 17. Rfd1 Rfc8 18. Rac1 cxb4 19. axb4 Nd5 20. Qa6 Rxc1 21.
Rxc1 Nxb4 22. Qa4 Qa5 23. Qxa5 bxa5 24. Ra1 Nc6 25. Bc3 Rb8 26. Nd2 Nb6 27. Bxa5
Nd5 28. Nc4 f6 29. Bd2 Kf8 30. Ra6 Nb6 31. Kd3 Ke7 32. Na5 Nxa5 33. Rxa5 Nc8 34.
h4 Rb3+ 35. Kc2 Rb7 36. h5 Nd6 37. Kd3 Rb3+ 38. Ke2 Rb7 39. Ra4 Kf7 40. f3 f5
41. g4 fxg4 42. fxg4 Ne4 43. Be1 g6 44. hxg6+ Kxg6 45. Ra6 Kf7 46. Bh4 Nc3+ 47.
Kf3 Nd5 48. Bg3 Nb4 49. Ra1 Nd5 50. Be5 Kg6 51. Ra6 Kf7 52. Bd6 Nc7 53. Ra1 Nd5
54. Ra3 Kg6 55. Bc5 a5 56. Ke4 a4 57. Ke5 Rb3 58. Kxe6 Rxa3 59. Bxa3 Nxe3 60. d5
Nxd5 1/2-1/2

[Event "German Masters 2017"]
[Site "Dresden GER"]
[Date "2017.08.04"]
[Round "5.4"]
[White "Huschenbeth, Niclas"]
[Black "Bluebaum, Matthias"]
[Result "1-0"]
[WhiteTitle "GM"]
[BlackTitle "GM"]
[WhiteElo "2585"]
[BlackElo "2642"]
[WhiteFideId "24604747"]
[BlackFideId "24651516"]
[EventDate "2017.07.31"]

1. d4 Nf6 2. Bf4 d5 3. e3 c5 4. dxc5 Nc6 5. Bb5 e6 6. b4 a5 7. c3 Bd7 8. Qb3 Ne4
9. f3 g5 10. Bxc6 bxc6 11. Be5 f6 12. Bd4 e5 13. fxe4 Be6 14. Ne2 Qd7 15. Nd2
Bg7 16. c4 dxc4 17. Nxc4 exd4 18. exd4 O-O 19. Nb6 Qe7 20. Qf3 Ra7 21. Rc1 Bxa2
22. bxa5 Rxa5 23. O-O Bf7 24. Ng3 Re8 25. Rce1 Qa7 26. Re3 Ra1 27. h3 Rd8 28.
Nf5 Rxf1+ 29. Qxf1 Bf8 30. Re1 Qa5 31. Nc4 Qc3 32. Rc1 Qb3 33. Ncd6 Be6 34. Qf3
Qb2 35. Qc3 Qe2 36. Ng3 Qa2 37. Ra1 Qb3 38. Qxb3 Bxb3 39. Ngf5 Be6 40. Ra6 Bd7
41. Ra7 Bxf5 42. Nxf5 Re8 43. g4 Rxe4 44. Kf2 h5 45. Kf3 Rf4+ 46. Kg3 h4+ 47.
Kg2 Re4 48. Rc7 Re2+ 49. Kg1 Rc2 50. Rxc6 Rc1+ 51. Kg2 Rc2+ 52. Kf3 Kf7 53. Rc7+
Kg6 54. Rc8 Kf7 55. Rc7+ Kg6 56. Rc8 Kf7 57. c6 Rh2 58. d5 Rxh3+ 59. Ke4 Rc3 60.
d6 Bxd6 61. Nxd6+ Ke6 62. Nb5 Rc4+ 63. Nd4+ Kf7 64. Kd5 Rc1 65. c7 Ke7 66. Rh8
Kd7 67. Rh7+ Kc8 68. Ne6 h3 69. Rxh3 1-0